Thiết kế hệ dầm sàn thép
Khái niệm chung về hệ dầm sàn thép - Hệ dầm sàn liên hợp. Tính toán bản sàn, dầm phụ, dầm chính.
Shranjeno v:
| Glavni avtor: | |
|---|---|
| Format: | Knjiga |
| Jezik: | Undetermined |
| Izdano: |
Hà Nội
Xây dựng
2009
|
| Teme: | |
| Oznake: |
Označite
Brez oznak, prvi označite!
|
| Thư viện lưu trữ: | Trung tâm Học liệu Trường Đại học Cần Thơ |
|---|
| LEADER | 00722nam a2200205Ia 4500 | ||
|---|---|---|---|
| 001 | CTU_159823 | ||
| 008 | 210402s9999 xx 000 0 und d | ||
| 020 | |c 20000 | ||
| 082 | |a 624.1834 | ||
| 082 | |b Ng419 | ||
| 100 | |a Đoàn, Tuyết Ngọc | ||
| 245 | 0 | |a Thiết kế hệ dầm sàn thép | |
| 245 | 0 | |c Đoàn Tuyết Ngọc | |
| 260 | |a Hà Nội | ||
| 260 | |b Xây dựng | ||
| 260 | |c 2009 | ||
| 520 | |a Khái niệm chung về hệ dầm sàn thép - Hệ dầm sàn liên hợp. Tính toán bản sàn, dầm phụ, dầm chính. | ||
| 650 | |a Concrete construction,Steel | ||
| 904 | |i Giao, Giang | ||
| 980 | |a Trung tâm Học liệu Trường Đại học Cần Thơ | ||